000 00849nam a2200253 i 4500
001 146518
003 ES-MaACL
005 20250731063043.0
007 t|
008 180705s1982 sp ||||1| spa d
020 _a847166416X
100 1 _aDarwin, Charles,
_d1809-1882
_942770
245 1 3 _aEl origen de las especies /
_cCharles Darwin ; [traducción de Aníbal Froufe ; prólogo de Faustino Cordón].
260 _aMadrid :
_bEdaf,
_c1982.
300 _a533 p. ;
_c18 cm.
490 1 _aBiblioteca Edaf de bolsillo ;
_v38
650 4 _aEvolución.
_912625
700 0 _aFroufe, Aníbal.
_952758
700 1 _aCordón, Faustino.
_940557
830 0 _aBiblioteca Edaf ;
_v38
_9179778
852 _aES-MaACL
_jL-32183
_z.- Donat. herederos de la bibl. de Mª del Pilar Costa Palacín
942 _2udc
999 _c146518
_d146518